Categorisation et developpement cognitif

Αποθηκεύτηκε σε:
Λεπτομέρειες βιβλιογραφικής εγγραφής
Κύριος συγγραφέας: Houde, Olivier
Μορφή: Βιβλίο
Γλώσσα:French
Δημοσίευση: Paris : PUF, 1992
Θέματα:
Ετικέτες: Προσθήκη ετικέτας
Δεν υπάρχουν, Καταχωρήστε ετικέτα πρώτοι!

MARC

LEADER 00000nam a2200000 i 4500
001 1/70765
008 970722s1992 fre d
020 |a 2-13-044306-6 
035 |a 1993  |b 1  |c Χατζηνικήτα  |l 10030749 
040 |a GR-MY-UA  |b gre  |e aacr 
041 0 |a fre 
082 0 |a 155.413 
100 1 |a Houde, Olivier. 
245 1 0 |a Categorisation et developpement cognitif /  |c Olivier Houde 
260 |a Paris :   |b PUF,   |c 1992 
300 |a 202 p. 
650 0 0 |a Categorization (Psychology) in children. 
650 0 0 |a Cognition in children. 
852 |a INST  |b RHODES  |e 19970722  |h 155.413 HOU  |p 005400009383  |q 005400009383  |t BK  |y 0 
909 |a Ρ  |b 026227  |c 1993